A short life of Kierkegaard
Saved in:
| Main Author: | |
|---|---|
| Format: | Book |
| Language: | English |
| Published: |
Garden City, N.Y. :
Ancor Books ; Doubleday,
1961.
|
| Subjects: | |
| Tags: |
Add Tag
No Tags, Be the first to tag this record!
|
MARC
| LEADER | 00000cam a2200000 a 4500 | ||
|---|---|---|---|
| 001 | 1/113766 | ||
| 008 | 170504s1961####nyu| ||| |||| ||eng|| | ||
| 040 | |a GR-MyUa |b gre |c GR-MyUa |e AACR2 | ||
| 041 | 0 | |a eng | |
| 082 | 7 | |a 198 |2 (23) | |
| 100 | 1 | |a Lowrie, Walter, |d 1868-1959. | |
| 245 | 1 | 0 | |a A short life of Kierkegaard / |c by Walter Lowrie. |
| 260 | |a Garden City, N.Y. : |b Ancor Books ; |b Doubleday, |c 1961. | ||
| 300 | |a ix, 271 σ. ; |c 22 εκ. | ||
| 600 | 1 | 0 | |a Kierkegaard, Soren |d 1813-1855. |
| 852 | |a INST |b LESVOS |e 20170504 |h 198 LOW |p 005100059099 |q 005100059099 |t BK |y 0 | ||
| 970 | |a Τζαφέρη |b Ευαγγελία |z 04-05-2017 | ||